000 00808nam0a2200265 4500
001 RU\NLR\ONL1\12305
005 20250613121307.0
035 _a(NLR Aleph) 009641049
090 _a9546115
_c9546115
100 _a20070913d1969 |||y0rusy50 ca
101 0 _audm
102 _aRU
105 _aa |||||||||
200 1 _aШунды эмаспи
_f[худож. И. А. Булгаков
210 _aИжевск
_cУдмуртия
_d1969]
215 _a16 с.
_cил.
_d22
541 1 _aЗять солнца
_eсказка: для мл. шк. возраста
_zrus
686 1 _aШ9(2)3=У-2
702 1 _aБулгаков
_bИ. А.
_4440
801 0 _aRU
_bNLR
_c20070913
_gPSBO
852 _aNLR
_bОНЛ
_jУдмур./3-1056
942 _cBOOK
980 _aNB